| 000 | 00710nam a2200241 i 4500 | ||
|---|---|---|---|
| 001 | bg | ||
| 100 | 1 |
_aLAUDAŃSKI, Ludomir M. _d(1937- ) |
|
| 245 | 1 | 0 |
_aStatystyka nie tylko dla licencjatów.2 / _cLudomir M. Laudański. |
| 260 |
_aRzeszów : _bOficyna Wydawnicza Politechniki Rzeszowskiej, _c2005. |
||
| 300 |
_a288 s. : _brys., wykr. ; _c24 cm. |
||
| 504 | _aBibliogr. s. 282-286. Indeks. | ||
| 521 | _aPodręcznik akademicki. | ||
| 650 | 9 | _aStatystyka | |
| 655 | _aPodręczniki akademickie | ||
| 015 | _aPB 17097/2005 | ||
| 020 | _a8371993471 | ||
| 040 | _cBPK | ||
| 041 | _apol | ||
| 080 | _a311(075.8) | ||
| 920 | _a83-7199-347-1 | ||
| 942 | _cKS | ||
| 008 | s pl f |000 0 pol | ||
| 999 |
_c52558 _d52558 |
||
| 856 |
_uhttp://koha.tu.koszalin.pl/cgi-bin/koha/opac-detail.pl?biblionumber=52558 _yKatalog online BPK |
||